Statistics for UK Counties by Landmark - England

Click here to take the quiz!

General Stats

  • This quiz has been taken 649 times
  • The average score is 9 of 16

Answer Stats

Answer% Correct
Kent, White Cliffs of Dover
81%
Wiltshire, Stonehenge
81%
Greater London, Tower Bridge
80%
Cornwall, The Eden Project
72%
Dorset, Durdle Door
71%
Lancashire, Blackpool Tower
67%
Cumbria, Scafell Pike
62%
Hampshire, Spinnaker Tower
55%
Tyne and Wear, The Angel of the North
55%
Berkshire, Windsor Castle
46%
City of London, St Paul's Cathedral
39%
East Sussex, Royal Pavilion
39%
Warwickshire, Shakespeare's Birthplace
39%
Durham, Durham Cathedral
38%
Somerset, Cheddar Gorge
35%
East Riding of Yorkshire, Humber Bridge
30%

Score Distribution

Percentile by Number Answered

Percent of People with Each Score

Your Score History

You have not taken this quiz